=LDR 00000nam 2200000 4500 =001 INLIS000000000042652 =005 20131008015444 =008 ***********************************Ind** =035 ##$$0010-101300000000574 =041 ##$$a Ind =082 ##$$a 617.1 =090 ##$$a 617.1, Gen m =100 ##$$a Gentur Sudjatmiko =245 ##$$a Menjahit luka supaya bekasnya susah dicari, Dr. Gentur Sudjatmiko, SPBPLK =260 ##$$a 2009 $b Jakarta =300 ##$$a vi, 91 hlm., 21 cm =650 ##$$a Luka - Luka =850 ##$$a NBPNMAT =990 ##$$a 0001/BPAP-NTB/20142014 =990 ##$$a 0334/BPAP-NTB/2015